Legge e intesa con le confessioni religiose: sul dualismo tipicitá-atipicitá nella dinamica delle fonti
שמור ב:
| מחבר ראשי: | |
|---|---|
| פורמט: | ספר |
| שפה: | איטלקית |
| יצא לאור: |
Turín
Giappichelli
1996
|
| סדרה: | Collana di Studi di Diritto Canonico ed Ecclesiastico
|
| נושאים: | |
| תגים: |
הוספת תג
אין תגיות, היה/י הראשונ/ה לתייג את הרשומה!
|
MARC
| LEADER | 00000nam a2200000 a 4500 | ||
|---|---|---|---|
| 001 | UCR7274 | ||
| 003 | CL-VaPUC | ||
| 008 | 980514e19960000IT |||||||||||||||||ita|d | ||
| 082 | 0 | 4 | |a 262 |b RIC |2 21 |
| 100 | 0 | |a Ricca, Mario |e author |9 408582 | |
| 245 | 1 | 0 | |a Legge e intesa con le confessioni religiose: sul dualismo tipicitá-atipicitá nella dinamica delle fonti |
| 300 | |a 205 p | ||
| 942 | |c BK | ||
| 945 | |d 19980514 00:00:00 |a mvenant | ||
| 260 | |a Turín |b Giappichelli |c 1996 | ||
| 650 | 7 | |a DERECHO CANONICO |2 CL-VaPUC |9 408583 | |
| 650 | 0 | |a Educación religiosa |9 308312 | |
| 650 | 0 | |a Educación laica |9 408584 | |
| 650 | 0 | |a Derecho civil |9 255013 | |
| 583 | |a last modification |c 19980514 00:00:00 |k Rodrigo Vera | ||
| 490 | 0 | |a Collana di Studi di Diritto Canonico ed Ecclesiastico | |
| 999 | |c 269013 |d 269011 | ||
| 952 | |0 0 |1 0 |4 0 |6 262_000000000000000_RIC_1996 |7 0 |8 A |9 302598 |a BIBDER |b BIBDER |d 2019-11-20 |i 3425053 |o 262 RIC 1996 |p 3425053 |r 2023-01-25 |w 2019-11-20 |y BK |k DER | ||